00451nam a2200085Ia 4500008004100000245019000041260000900231300010000240650002500340180130s9999 xx 000 0 und d cMircea, Marinela; Ghilic-Micu, Bogdan; Stoica, MarianaAn agile architecture framework that leverages the strengths of business intelligence, decision management and service orientation c2015 aBook title: Business intelligence for business development--Acession number C20755; pages 15-32 aBUSINESS DEVELOPMENT